00471nam a2200169 a 45000010005000000030009000050080041000140400028000550820016000831000032000992450047001312600053001783000010002316500031002419420012002729990017002847378CO-ViMGA141112s2004 ck r 000 u spa d aCO-ViMGAbspacCO-ViMGA04aCo863 A285r1 aAcuña, Luis Alberto9521810aRefranero colombiano : bmil y un refranes aSantafé de Bogotá : bPanAméricana, c1997 a181 p14aREFRANES COLOMBIANOS95219 2ddccBK c19335d19335